000 00836nam a2200229Ii 4500
003 JO-AjNU
008 230605s9999||||xx |||||||||||||| ||und||
017 _a2019/10/5309
020 _a978-9957-957-74-2
040 _aJO-AjNU
_bara
_erda
_cJO-AjNU
041 _aara
050 1 4 _aHD58.95 2020
100 3 _aالياور، علي عصام ,
_eauthor
_961594
245 0 0 _aالرقابة والتدقيق في المنظمات غير الحكومية
250 _aط1
264 3 1 _aعمان :دار الأيام للنشر ،2020
300 _a220ص
336 _atext
_btxt
_2rdacontent
337 _aunmediated
_bn
_2rdamedia
338 _avolume
_bnc
_2rdacarrier
650 4 _aالرقابة اإدارية- التدقيق الداخلي- المسؤولية الإدارية- المنظمات غير لحكومية
_961595
999 _aA27849
_c31417
_d31417